「宿」がつく駅名 - Statistics

General Stats
  • This quiz has been taken 278 times
  • The average score is 12 of 39
Answer Stats
都道府県 駅名 % Correct
東京都 新宿
94%
東京都 新宿三丁目
80%
東京都 西新宿
78%
東京都 東新宿
73%
東京都 新宿御苑前
59%
東京都 新宿西口
59%
東京都 西新宿五丁目
57%
東京都 南新宿
50%
神奈川県 宿河原
49%
東京都 原宿
46%
鹿児島県 指宿
42%
高知県 宿毛
39%
東京都 西武新宿
39%
千葉県 御宿
36%
埼玉県 新井宿
34%
兵庫県 板宿
34%
埼玉県 内宿
34%
群馬県 本宿
31%
愛知県 本宿
31%
千葉県 八幡宿
31%
群馬県 岩宿
25%
福岡県 今宿
21%
高知県 東宿毛
19%
鹿児島県 宇宿
18%
岐阜県 鵜沼宿
18%
青森県 宿川原
18%
岩手県 宿戸
13%
鹿児島県 宇宿一丁目
11%
茨城県 山方宿
11%
福島県 中山宿
10%
栃木県 東宿郷
9%
岐阜県 南宿
9%
宮城県 浦宿
8%
岡山県 川辺宿
7%
大阪府 宿院
7%
岩手県 柴宿
4%
茨城県 徳宿
4%
佐賀県 蔵宿
3%
群馬県 天王宿
3%
No matching quizzes found
Score Distribution
Percent of People with Each Score
Percentile by Number Answered
Your Score History
You have not taken this quiz